Statistics for Countries of Europe With The Longest Railways

Click here to take the quiz!

General Stats

  • This quiz has been taken 191 times
  • The average score is 13 of 14

Answer Stats

LengthCountry% Correct
43,468Germany
100%
85,500Russia
99%
29,640France
98%
26,500Italy
98%
17,732United Kingdom
98%
15,947Spain
98%
19,627Poland
95%
12,821Sweden
93%
22,300Ukraine
90%
22,298Romania
83%
5,919Finland
80%
5,927Austria
77%
7,942Hungary
73%
9,487Czech Republic
68%

Score Distribution

Percentile by Number Answered

Percent of People with Each Score

Your Score History

You have not taken this quiz